LIBRARY & INFORMATION CENTRE, KCAET, TAVANUR

ONLINE PUBLIC ACCESS CATALOGUE (OPAC)

Beumont and fletches / (Record no. 5294)

MARC details
000 -LEADER
fixed length control field 00456cam a2200181ua 4500
041 ## - LANGUAGE CODE
Language code of text/sound track or separate title eng
082 ## - DEWEY DECIMAL CLASSIFICATION NUMBER
Classification number 828.09
Item number APP/BE
100 ## - MAIN ENTRY--AUTHOR NAME
Personal name Appleton, William W .
245 ## - TITLE STATEMENT
Title Beumont and fletches /
250 ## - EDITION STATEMENT
Edition statement 1 /
260 ## - PUBLICATION, DISTRIBUTION, ETC. (IMPRINT)
Place of publication London :
Name of publisher George Allen & Unwin Ltd ,
Year of publication 1956.
300 ## - PHYSICAL DESCRIPTION
Number of Pages 131 ;
Accompanying material Atlas.
942 ## - ADDED ENTRY ELEMENTS (KOHA)
Koha item type Books
Holdings
Withdrawn status Lost status Damaged status Home library Current library Date acquired Cost, normal purchase price Full call number Accession Number Koha item type Public note
Withdrawn     KAUAET Sanskrit University 07/04/2012 12.60 828.09 6893 Books Transferred to Sanskrit University
free website counter